[Event "29. Abierto Ciudad de Sevilla"]
[Site "Sevilla ESP"]
[Date "2004.01.13"]
[Round "5.17"]
[White "Ramos Suria, Felix"]
[Black "Fernandez Romero, Ernesto"]
[Result "1/2-1/2"]
[WhiteElo "2110"]
[BlackElo "2425"]
[PlyCount "61"]
[EventDate "2004.01.09"]
[EventType "swiss"]
[EventRounds "9"]
[EventCountry "ESP"]
[Source "lmi"]
[SourceDate "2004.01.17"]

1. e4 e6 2. Nf3 d5 3. exd5 exd5 4. d4 Bg4 5. h3 Bh5 6. Be2 Bd6 7. O-O Ne7 8.
Ne5 Bxe2 9. Qxe2 O-O 10. Nd2 Re8 11. Qh5 Bxe5 12. dxe5 Nbc6 13. Nf3 Qd7 14. Bf4
Ng6 15. Bg3 a5 16. Rad1 b5 17. Rfe1 Nd8 18. Nd4 Ne6 19. Re3 Nxd4 20. Rxd4 c5
21. Rd1 Qe6 22. a3 a4 23. c3 Ne7 24. Red3 Rab8 25. f4 Rec8 26. Bh4 g6 27. Qf3
Nf5 28. Bf2 Ne7 29. Bh4 Nf5 30. Bf2 Ne7 31. Bh4 1/2-1/2

[Event "29. Abierto Ciudad de Sevilla"]
[Site "Sevilla ESP"]
[Date "2004.01.13"]
[Round "5.18"]
[White "Barrientos Chavarriaga, Sergio"]
[Black "Romero Garcia, Mariano"]
[Result "1-0"]
[WhiteElo "2425"]
[BlackElo "2167"]
[PlyCount "57"]
[EventDate "2004.01.09"]
[EventType "swiss"]
[EventRounds "9"]
[EventCountry "ESP"]
[Source "lmi"]
[SourceDate "2004.01.17"]

1. e4 c5 2. Nf3 d6 3. d4 cxd4 4. Nxd4 Nf6 5. Nc3 g6 6. Be3 Bg7 7. f3 O-O 8. Qd2
Nc6 9. O-O-O Nxd4 10. Bxd4 Be6 11. Kb1 Qc7 12. h4 Rfc8 13. h5 b5 14. Nxb5 Qb7
15. hxg6 hxg6 16. Na3 Rab8 17. c4 Qa6 18. Ka1 Rc7 19. Qc3 Rcb7 20. Rd2 Qa4 21.
Be2 Rc8 22. g4 Rc5 23. Bd1 Qa6 24. Bb3 Qc6 25. e5 Nxg4 26. exd6 Ne5 27. dxe7
Rxe7 28. Bxc5 Nxc4 29. Bd4 1-0

[Event "29. Abierto Ciudad de Sevilla"]
[Site "Sevilla ESP"]
[Date "2004.01.13"]
[Round "5.19"]
[White "Draghici Flutur, Gavril"]
[Black "Ivanov, Jordan"]
[Result "0-1"]
[WhiteElo "2059"]
[BlackElo "2406"]
[PlyCount "60"]
[EventDate "2004.01.09"]
[EventType "swiss"]
[EventRounds "9"]
[EventCountry "ESP"]
[Source "lmi"]
[SourceDate "2004.01.17"]

1. e4 c5 2. Nf3 Nc6 3. d4 cxd4 4. Nxd4 Qb6 5. Nb3 Nf6 6. Nc3 e6 7. Bd3 a6 8.
O-O d6 9. Bg5 Be7 10. Qe2 O-O 11. Kh1 Qc7 12. f4 b5 13. Rae1 h6 14. e5 dxe5 15.
fxe5 Qxe5 16. Qxe5 Nxe5 17. Rxe5 hxg5 18. Rxg5 Rd8 19. Na5 Bd7 20. a3 g6 21.
Rg3 Nh5 22. Rgf3 f5 23. g4 Nf6 24. gxf5 gxf5 25. Ne2 Kf7 26. Ng3 Rh8 27. c3 Ng4
28. Nxf5 exf5 29. Bxf5 Rxh2+ 30. Kg1 Bc5+ 0-1

[Event "29. Abierto Ciudad de Sevilla"]
[Site "Sevilla ESP"]
[Date "2004.01.13"]
[Round "5.20"]
[White "Teran Alvarez, Ismael"]
[Black "Desanjose Candalija, Eduardo"]
[Result "1/2-1/2"]
[WhiteElo "2382"]
[BlackElo "2155"]
[PlyCount "43"]
[EventDate "2004.01.09"]
[EventType "swiss"]
[EventRounds "9"]
[EventCountry "ESP"]
[Source "lmi"]
[SourceDate "2004.01.17"]

1. Nf3 Nf6 2. g3 g6 3. Bg2 Bg7 4. O-O O-O 5. c4 d6 6. Nc3 e5 7. d3 h6 8. Rb1 a5
9. a3 Re8 10. e4 c6 11. Ne1 Na6 12. b4 axb4 13. axb4 Nc7 14. b5 Be6 15. f4 exf4
16. gxf4 Bg4 17. Qd2 Ne6 18. h3 Bh5 19. bxc6 bxc6 20. Nf3 Nd7 21. Ne2 Qa5 22.
Qe3 1/2-1/2

[Event "29. Abierto Ciudad de Sevilla"]
[Site "Sevilla ESP"]
[Date "2004.01.13"]
[Round "5.21"]
[White "Speck, Nick"]
[Black "Palma Macias, Alberto"]
[Result "0-1"]
[WhiteElo "2381"]
[BlackElo "2149"]
[PlyCount "104"]
[EventDate "2004.01.09"]
[EventType "swiss"]
[EventRounds "9"]
[EventCountry "ESP"]
[Source "lmi"]
[SourceDate "2004.01.17"]

1. e4 c5 2. Nc3 Nc6 3. Bb5 e6 4. Nf3 Nge7 5. O-O a6 6. Bxc6 Nxc6 7. d4 cxd4 8.
Nxd4 Qc7 9. Re1 d6 10. Bg5 Be7 11. Bxe7 Qxe7 12. Nf5 exf5 13. exf5 Ne5 14. Nd5
Qd8 15. f4 Bxf5 16. fxe5 dxe5 17. Rxe5+ Be6 18. Rxe6+ fxe6 19. Qh5+ g6 20. Qe5
O-O 21. Qxe6+ Rf7 22. Rf1 Qf8 23. g4 Qc5+ 24. Kg2 Raf8 25. c3 Qc6 26. Qxc6 bxc6
27. Rxf7 Kxf7 28. Nb4 Rb8 29. b3 Rb6 30. Kf3 Ke6 31. Kf4 h6 32. h4 Kd6 33. h5
gxh5 34. gxh5 a5 35. Nc2 Rb5 36. Kg4 Rg5+ 37. Kh4 Ke5 38. Nd4 Kd6 39. Nf3 Rg2
40. Nd4 Rxa2 41. Nf3 Rg2 42. Nd4 Ra2 43. Nf5+ Ke6 44. Nxh6 Rb2 45. Kg5 Rxb3 46.
c4 a4 47. Nf5 c5 48. h6 a3 49. h7 Rb8 50. Ne3 a2 51. Nc2 Kf7 52. Na3 Kg7 0-1

[Event "29. Abierto Ciudad de Sevilla"]
[Site "Sevilla ESP"]
[Date "2004.01.13"]
[Round "5.22"]
[White "Barria, Daniel"]
[Black "Castillo Humanes, Pedro"]
[Result "1-0"]
[WhiteElo "2351"]
[BlackElo "2134"]
[PlyCount "55"]
[EventDate "2004.01.09"]
[EventType "swiss"]
[EventRounds "9"]
[EventCountry "ESP"]
[Source "lmi"]
[SourceDate "2004.01.17"]

1. e4 c6 2. d4 d5 3. e5 g6 4. f4 h5 5. Nf3 Bg4 6. Be3 e6 7. Nbd2 Nh6 8. a3 Nf5
9. Bf2 Nd7 10. h3 Bxf3 11. Nxf3 Qb6 12. b4 Qc7 13. Bd3 b6 14. O-O c5 15. bxc5
bxc5 16. c4 dxc4 17. Bxc4 cxd4 18. Bb5 Ne3 19. Bxe3 dxe3 20. Rc1 Qd8 21. Qd3 a6
22. Bc6 e2 23. Qxe2 Qb6+ 24. Kh1 Rd8 25. Rfd1 Bc5 26. Qe4 Ke7 27. Rb1 f5 28.
Qa4 1-0

[Event "29. Abierto Ciudad de Sevilla"]
[Site "Sevilla ESP"]
[Date "2004.01.14"]
[Round "6.1"]
[White "Spraggett, Kevin"]
[Black "Rodriguez Guerrero, Enrique"]
[Result "1/2-1/2"]
[WhiteElo "2536"]
[BlackElo "2391"]
[PlyCount "74"]
[EventDate "2004.01.09"]
[EventType "swiss"]
[EventRounds "9"]
[EventCountry "ESP"]
[Source "lmi"]
[SourceDate "2004.01.17"]

1. e4 e6 2. d4 d5 3. Nc3 Bb4 4. e5 Ne7 5. a3 Bxc3+ 6. bxc3 c5 7. Nf3 Bd7 8. h4
Qa5 9. Bd2 Nbc6 10. h5 O-O-O 11. h6 gxh6 12. Bd3 Rdg8 13. Kf1 Nf5 14. a4 c4 15.
Be2 f6 16. exf6 Qd8 17. Bf4 Qxf6 18. Qd2 Be8 19. g3 Rf8 20. Ke1 Rhg8 21. Ne5
Nxe5 22. Bxe5 Qe7 23. Qc1 Bg6 24. a5 Rf7 25. Qa3 Qxa3 26. Rxa3 Kd7 27. Kd2 Nd6
28. Bf4 Ne4+ 29. Ke3 Nf6 30. Ra2 h5 31. Rb2 Kc6 32. Rhb1 Ne4 33. Rb6+ axb6 34.
Rxb6+ Kd7 35. Rxb7+ Kc6 36. Rb6+ Kd7 37. Rb7+ Kc6 1/2-1/2

[Event "29. Abierto Ciudad de Sevilla"]
[Site "Sevilla ESP"]
[Date "2004.01.14"]
[Round "6.2"]
[White "Khamrakulov, Ibragim S"]
[Black "Epishin, Vladimir"]
[Result "1/2-1/2"]
[WhiteElo "2452"]
[BlackElo "2633"]
[PlyCount "63"]
[EventDate "2004.01.09"]
[EventType "swiss"]
[EventRounds "9"]
[EventCountry "ESP"]
[Source "lmi"]
[SourceDate "2004.01.17"]

1. e4 c5 2. c3 Nf6 3. e5 Nd5 4. Nf3 e6 5. Bc4 Nb6 6. Bb3 d6 7. exd6 Qxd6 8. d4
N8d7 9. O-O Be7 10. Nbd2 Nf6 11. a4 cxd4 12. Nxd4 O-O 13. Qf3 Nbd5 14. Nc4 Qc7
15. Ne3 Nxe3 16. Bxe3 a6 17. Rad1 Rd8 18. h3 Bd7 19. Rfe1 Bc6 20. Nxc6 bxc6 21.
Bc4 Nd5 22. Bd4 a5 23. Qg4 Nf6 24. Qg5 h6 25. Qe3 c5 26. Be5 Qc6 27. b3 Rxd1
28. Rxd1 Rd8 29. Re1 Nd5 30. Qf3 Bf6 31. Bxd5 exd5 32. Bxf6 1/2-1/2

[Event "29. Abierto Ciudad de Sevilla"]
[Site "Sevilla ESP"]
[Date "2004.01.14"]
[Round "6.5"]
[White "Cheparinov, Ivan"]
[Black "Perez, Rodney"]
[Result "1/2-1/2"]
[WhiteElo "2550"]
[BlackElo "2458"]
[PlyCount "40"]
[EventDate "2004.01.09"]
[EventType "swiss"]
[EventRounds "9"]
[EventCountry "ESP"]
[Source "lmi"]
[SourceDate "2004.01.17"]

1. e4 e6 2. d4 d5 3. Nc3 dxe4 4. Nxe4 Nd7 5. Nf3 Ngf6 6. Bd3 c5 7. O-O cxd4 8.
Nxd4 Nxe4 9. Bxe4 Nf6 10. Bg5 Be7 11. Bf3 O-O 12. Re1 Qb6 13. Nf5 exf5 14. Rxe7
Ne4 15. Bxe4 fxe4 16. Qd5 Qxb2 17. Rc1 Be6 18. Qxe4 Qxa2 19. Qxb7 Rac8 20. Qxa7
Rxc2 1/2-1/2

[Event "29. Abierto Ciudad de Sevilla"]
[Site "Sevilla ESP"]
[Date "2004.01.14"]
[Round "6.6"]
[White "Korneev, Oleg"]
[Black "Castellanos Rodriguez, Renier"]
[Result "1-0"]
[WhiteElo "2566"]
[BlackElo "2438"]
[PlyCount "53"]
[EventDate "2004.01.09"]
[EventType "swiss"]
[EventRounds "9"]
[EventCountry "ESP"]
[Source "lmi"]
[SourceDate "2004.01.17"]

1. e4 c5 2. Nf3 d6 3. d4 cxd4 4. Nxd4 Nf6 5. Nc3 a6 6. Be3 e6 7. f3 b5 8. g4
Nfd7 9. Qd2 Nb6 10. O-O-O Bb7 11. Nb3 Nc6 12. Qf2 Nd7 13. g5 Nce5 14. Rg1 Rc8
15. f4 Nc4 16. Bxc4 Rxc4 17. Bd4 Qc7 18. Rge1 b4 19. Nd5 Bxd5 20. exd5 e5 21.
Qe2 f6 22. gxf6 gxf6 23. Na5 Rxc2+ 24. Qxc2 Qxa5 25. Kb1 Be7 26. fxe5 dxe5 27.
Be3 1-0

[Event "29. Abierto Ciudad de Sevilla"]
[Site "Sevilla ESP"]
[Date "2004.01.14"]
[Round "6.7"]
[White "Ivanov, Jordan"]
[Black "Mirzoev, Azer"]
[Result "1/2-1/2"]
[WhiteElo "2406"]
[BlackElo "2551"]
[PlyCount "83"]
[EventDate "2004.01.09"]
[EventType "swiss"]
[EventRounds "9"]
[EventCountry "ESP"]
[Source "lmi"]
[SourceDate "2004.01.17"]

1. d4 d5 2. c4 c6 3. Nf3 Nf6 4. e3 Bf5 5. Nc3 e6 6. Nh4 Be4 7. f3 Bg6 8. Qb3
Qc7 9. g3 Nbd7 10. cxd5 exd5 11. Bd2 Be7 12. Rc1 Rc8 13. Kf2 O-O 14. Nxg6 hxg6
15. Bd3 Qb8 16. Kg2 b5 17. Ne2 Nb6 18. e4 dxe4 19. fxe4 Qa8 20. Bb1 c5 21. d5
a6 22. Qf3 Nfd7 23. h4 Ne5 24. Qf4 Nec4 25. Bc3 Bd6 26. Qg5 b4 27. b3 bxc3 28.
bxc4 Nxc4 29. h5 Ne5 30. hxg6 fxg6 31. Nf4 Rf6 32. Ne6 Qb8 33. Qh4 Kf7 34. Rhf1
Rh8 35. Qg5 Qb5 36. Nf4 Qc4 37. Rf2 Qd4 38. Rcf1 Qe3 39. Re2 Qd4 40. Ref2 Qe3
41. Re2 Qd4 42. Ref2 1/2-1/2

[Event "29. Abierto Ciudad de Sevilla"]
[Site "Sevilla ESP"]
[Date "2004.01.14"]
[Round "6.8"]
[White "Teske, Henrik"]
[Black "Van der Weide, Karel"]
[Result "1-0"]
[WhiteElo "2526"]
[BlackElo "2436"]
[PlyCount "85"]
[EventDate "2004.01.09"]
[EventType "swiss"]
[EventRounds "9"]
[EventCountry "ESP"]
[Source "lmi"]
[SourceDate "2004.01.17"]

1. c4 Nf6 2. Nc3 g6 3. g3 Bg7 4. Bg2 O-O 5. e4 d6 6. Nge2 e5 7. O-O Nbd7 8. d3
c6 9. Rb1 a6 10. b4 Re8 11. a4 a5 12. b5 Nc5 13. h3 Bd7 14. Be3 Qc8 15. Kh2 Qc7
16. Qc2 Rad8 17. Rfd1 Bc8 18. d4 exd4 19. Nxd4 Re5 20. Kg1 Rh5 21. g4 Bxg4 22.
hxg4 Nxg4 23. Qe2 Nxe3 24. Qxe3 Re8 25. Qg3 Nd7 26. Nde2 Ne5 27. bxc6 bxc6 28.
Rd4 Qe7 29. f4 Nd7 30. Rd2 g5 31. Rb7 gxf4 32. Qxf4 d5 33. cxd5 cxd5 34. Nxd5
Qc5+ 35. Qf2 Qxf2+ 36. Kxf2 Ne5 37. Ng3 Rg5 38. Bf3 Nc4 39. Rd3 Nb2 40. Ne7+
Kh8 41. Rd5 Be5 42. Ngf5 f6 43. Rxa5 1-0

[Event "29. Abierto Ciudad de Sevilla"]
[Site "Sevilla ESP"]
[Date "2004.01.14"]
[Round "6.9"]
[White "Palma Macias, Alberto"]
[Black "Franco Ocampos, Zenon"]
[Result "0-1"]
[WhiteElo "2149"]
[BlackElo "2524"]
[PlyCount "96"]
[EventDate "2004.01.09"]
[EventType "swiss"]
[EventRounds "9"]
[EventCountry "ESP"]
[Source "lmi"]
[SourceDate "2004.01.17"]

1. e4 d6 2. d4 Nf6 3. Nc3 g6 4. Nf3 Bg7 5. Be3 c6 6. Qd2 b5 7. Bd3 Nbd7 8. h3
Bb7 9. O-O e5 10. dxe5 dxe5 11. Ne2 a6 12. a4 Qe7 13. Ng3 Nc5 14. Qb4 Nfd7 15.
axb5 cxb5 16. Rfd1 Rc8 17. Qa3 Nxd3 18. Qxd3 Nc5 19. Qa3 Na4 20. Qxe7+ Kxe7 21.
b3 Nc3 22. Rd2 Rhd8 23. Rxd8 Rxd8 24. Re1 f6 25. Bc5+ Ke6 26. Re3 Na2 27. b4
Bf8 28. Bxf8 Rxf8 29. c3 Rc8 30. Ne2 Rd8 31. g4 Rd1+ 32. Kg2 Kd6 33. Kg3 g5 34.
h4 h6 35. h5 Bc8 36. Nfg1 Be6 37. f3 Bc4 38. Kf2 Kc6 39. Ng3 Nc1 40. N1e2 Nd3+
41. Kg2 Nf4+ 42. Kf2 Rd2 43. Ke1 Ra2 44. Kf2 Kb6 45. Kf1 a5 46. bxa5+ Kxa5 47.
Kf2 Ka4 48. Kf1 Kb3 0-1

[Event "29. Abierto Ciudad de Sevilla"]
[Site "Sevilla ESP"]
[Date "2004.01.14"]
[Round "6.10"]
[White "Strikovic, Aleksa"]
[Black "Barrientos Chavarriaga, Sergio"]
[Result "1-0"]
[WhiteElo "2524"]
[BlackElo "2425"]
[PlyCount "89"]
[EventDate "2004.01.09"]
[EventType "swiss"]
[EventRounds "9"]
[EventCountry "ESP"]
[Source "lmi"]
[SourceDate "2004.01.17"]

1. e4 c5 2. d3 Nc6 3. g3 g6 4. Bg2 Bg7 5. f4 e6 6. Nf3 Nge7 7. O-O d6 8. c3 O-O
9. Be3 Rb8 10. d4 b6 11. Nbd2 f5 12. Re1 cxd4 13. cxd4 e5 14. dxe5 dxe5 15. Nc4
Be6 16. Nfxe5 Nxe5 17. Nxe5 Qxd1 18. Rexd1 fxe4 19. Bxe4 Rfd8 20. a4 Bb3 21.
Rxd8+ Rxd8 22. a5 Nd5 23. Bf2 Nf6 24. Bf3 bxa5 25. Rxa5 Bd5 26. Bxd5+ Nxd5 27.
Bxa7 Ne7 28. Rb5 Bxe5 29. fxe5 Kf7 30. Be3 Ke6 31. Kf2 Ra8 32. Rc5 Rf8+ 33. Ke2
Nf5 34. b4 Ra8 35. Bf4 Ra3 36. Kd2 Nd4 37. Rc3 Ra4 38. Rc4 Kd5 39. Kd3 Ra3+ 40.
Rc3 Rxc3+ 41. Kxc3 Nf3 42. h4 Nd4 43. Kd3 Ne6 44. Be3 Nc7 45. Kc3 1-0

[Event "29. Abierto Ciudad de Sevilla"]
[Site "Sevilla ESP"]
[Date "2004.01.14"]
[Round "6.11"]
[White "Movsziszian, Karen"]
[Black "Barria, Daniel"]
[Result "0-1"]
[WhiteElo "2497"]
[BlackElo "2351"]
[PlyCount "84"]
[EventDate "2004.01.09"]
[EventType "swiss"]
[EventRounds "9"]
[EventCountry "ESP"]
[Source "lmi"]
[SourceDate "2004.01.17"]

1. e4 e6 2. d3 d5 3. Nd2 c5 4. g3 Nc6 5. Bg2 Nf6 6. Ngf3 Be7 7. O-O O-O 8. Re1
Qc7 9. e5 Nd7 10. Qe2 b5 11. h4 a5 12. Nf1 b4 13. Bg5 Ba6 14. N1h2 c4 15. Qe3
cxd3 16. cxd3 Rfc8 17. Bxe7 Nxe7 18. Rad1 Qb6 19. d4 Rc2 20. Rd2 Rxd2 21. Qxd2
Rc8 22. Bf1 h6 23. h5 Qc6 24. a3 Bxf1 25. Nxf1 bxa3 26. bxa3 Qa4 27. Qd3 Qc4
28. Qd2 Qa4 29. Qd3 Qc4 30. Qd1 Qc2 31. Qxc2 Rxc2 32. Rb1 Kf8 33. Rb7 Ke8 34.
N1d2 Nc6 35. Kg2 Nxd4 36. Nxd4 Rxd2 37. Nb5 Nxe5 38. Nd6+ Kf8 39. Ra7 f5 40.
Ra8+ Ke7 41. Nb5 Ng4 42. Ra7+ Kf6 0-1

[Event "29. Abierto Ciudad de Sevilla"]
[Site "Sevilla ESP"]
[Date "2004.01.14"]
[Round "6.12"]
[White "Veingold, Aleksandr"]
[Black "Razmyslov, Alexander"]
[Result "1/2-1/2"]
[WhiteElo "2478"]
[BlackElo "2337"]
[PlyCount "40"]
[EventDate "2004.01.09"]
[EventType "swiss"]
[EventRounds "9"]
[EventCountry "ESP"]
[Source "lmi"]
[SourceDate "2004.01.17"]

1. d4 d6 2. e4 e5 3. dxe5 dxe5 4. Qxd8+ Kxd8 5. Bc4 Be6 6. Bxe6 fxe6 7. Nf3 Bd6
8. Be3 Nf6 9. Nfd2 Nc6 10. f3 Ke7 11. c3 Rag8 12. Nc4 b5 13. Nxd6 cxd6 14. Nd2
a5 15. Ke2 Rb8 16. Rac1 Rhc8 17. Rhd1 Kf7 18. g3 d5 19. exd5 exd5 20. Bg5 h6
1/2-1/2

[Event "29. Abierto Ciudad de Sevilla"]
[Site "Sevilla ESP"]
[Date "2004.01.14"]
[Round "6.13"]
[White "Komljenovic, Davor"]
[Black "Almagro Mazariegos, Sebastian"]
[Result "1-0"]
[WhiteElo "2441"]
[BlackElo "2326"]
[PlyCount "77"]
[EventDate "2004.01.09"]
[EventType "swiss"]
[EventRounds "9"]
[EventCountry "ESP"]
[Source "lmi"]
[SourceDate "2004.01.17"]

1. c4 e5 2. Nc3 d6 3. g3 g6 4. Bg2 Bg7 5. d3 f5 6. e3 Nf6 7. Nge2 O-O 8. O-O a5
9. b3 c6 10. e4 Na6 11. exf5 Bxf5 12. h3 Re8 13. g4 Be6 14. d4 exd4 15. Nxd4
Bf7 16. Be3 Nc5 17. Qc2 Qc7 18. Rad1 Nfd7 19. Nde2 Ne5 20. Ng3 a4 21. Nce4 axb3
22. axb3 Nxe4 23. Nxe4 Re6 24. f4 Nd7 25. f5 gxf5 26. gxf5 Ree8 27. f6 Rxe4 28.
Bxe4 Nxf6 29. Bd4 Nxe4 30. Qxe4 Bg6 31. Qe6+ Kh8 32. Qxd6 Bxd4+ 33. Qxd4+ Kg8
34. Rf4 Re8 35. Rdf1 Qe7 36. h4 Qb4 37. R4f3 b5 38. Rg3 Re4 39. Qxe4 1-0

[Event "29. Abierto Ciudad de Sevilla"]
[Site "Sevilla ESP"]
[Date "2004.01.14"]
[Round "6.14"]
[White "Tissir, Mohamed"]
[Black "Jimenez Algora, Manuel"]
[Result "1-0"]
[WhiteElo "2436"]
[BlackElo "2054"]
[PlyCount "39"]
[EventDate "2004.01.09"]
[EventType "swiss"]
[EventRounds "9"]
[EventCountry "ESP"]
[Source "lmi"]
[SourceDate "2004.01.17"]

1. e4 e6 2. d4 d5 3. Nd2 b6 4. c3 dxe4 5. Nxe4 Bb7 6. Bb5+ c6 7. Ba4 b5 8. Bc2
c5 9. Nf3 c4 10. Qe2 Nd7 11. O-O Ngf6 12. Neg5 Bxf3 13. Qxf3 h6 14. Nxe6 fxe6
15. Bg6+ Ke7 16. Re1 Rc8 17. Rxe6+ Kxe6 18. Bf4 Nb6 19. Re1+ Kd7 20. Bf5# 1-0

[Event "29. Abierto Ciudad de Sevilla"]
[Site "Sevilla ESP"]
[Date "2004.01.14"]
[Round "6.15"]
[White "Suba, Mihai"]
[Black "Maus, Siegfried"]
[Result "1-0"]
[WhiteElo "2522"]
[BlackElo "2265"]
[PlyCount "77"]
[EventDate "2004.01.09"]
[EventType "swiss"]
[EventRounds "9"]
[EventCountry "ESP"]
[Source "lmi"]
[SourceDate "2004.01.17"]

1. c4 e5 2. g3 Nc6 3. Bg2 Nf6 4. Nf3 Be7 5. Nc3 d6 6. d4 O-O 7. O-O a6 8. h3
Rb8 9. Be3 Re8 10. Qc2 exd4 11. Nxd4 Nxd4 12. Bxd4 c6 13. Rfd1 Qc7 14. Rac1 Be6
15. Qd3 Rbd8 16. Nd5 Bxd5 17. cxd5 c5 18. b4 Nd7 19. a4 Qb6 20. bxc5 dxc5 21.
Rb1 Qd6 22. Ba1 Rb8 23. f4 Bd8 24. e4 f6 25. h4 Bb6 26. Kh2 Bc7 27. Bh3 b6 28.
Bxd7 Qxd7 29. d6 Bd8 30. Qd5+ Kh8 31. e5 f5 32. Re1 Re6 33. Rec1 Rh6 34. Kg2
Rg6 35. h5 Rh6 36. Rxc5 Qe8 37. Qd1 Rxh5 38. d7 Qg6 39. Qd6 1-0

[Event "29. Abierto Ciudad de Sevilla"]
[Site "Sevilla ESP"]
[Date "2004.01.14"]
[Round "6.16"]
[White "Desanjose Candalija, Eduardo"]
[Black "Pogorelov, Ruslan"]
[Result "1-0"]
[WhiteElo "2155"]
[BlackElo "2451"]
[PlyCount "99"]
[EventDate "2004.01.09"]
[EventType "swiss"]
[EventRounds "9"]
[EventCountry "ESP"]
[Source "lmi"]
[SourceDate "2004.01.17"]

1. c4 e6 2. Nc3 Nf6 3. e4 c5 4. e5 Ng8 5. Nf3 d6 6. exd6 Bxd6 7. d4 cxd4 8.
Nxd4 a6 9. Be2 Nf6 10. O-O O-O 11. Be3 Qc7 12. h3 Rd8 13. Qc2 Nbd7 14. Rfd1 Ne5
15. Ne4 Nxe4 16. Qxe4 f5 17. Qc2 Rf8 18. c5 Be7 19. Qb3 Rf6 20. Bg5 Rf7 21.
Bxe7 Qxe7 22. Nf3 Nc6 23. Rd6 h6 24. Re1 Kh7 25. Bc4 Na5 26. Qc3 Nxc4 27. Qxc4
Qf6 28. Ne5 Rc7 29. b4 b5 30. Qd3 a5 31. a3 axb4 32. axb4 Ra2 33. Qxb5 Qh4 34.
Rf1 Rca7 35. Qe8 Ra1 36. Qg6+ Kg8 37. Qe8+ Kh7 38. Qg6+ Kg8 39. Rdd1 Rxd1 40.
Rxd1 Ra2 41. g3 Qf6 42. Qxf6 gxf6 43. Rd8+ Kg7 44. Rxc8 fxe5 45. b5 Rb2 46. b6
e4 47. Rd8 Kf6 48. c6 e3 49. fxe3 Rxb6 50. c7 1-0

[Event "29. Abierto Ciudad de Sevilla"]
[Site "Sevilla ESP"]
[Date "2004.01.14"]
[Round "6.17"]
[White "Fernandez Romero, Ernesto"]
[Black "Montero Campuzano, Rafael"]
[Result "1/2-1/2"]
[WhiteElo "2425"]
[BlackElo "2112"]
[PlyCount "129"]
[EventDate "2004.01.09"]
[EventType "swiss"]
[EventRounds "9"]
[EventCountry "ESP"]
[Source "lmi"]
[SourceDate "2004.01.17"]

1. e4 c5 2. Nf3 d6 3. d4 cxd4 4. Nxd4 Nf6 5. Nc3 a6 6. Bg5 e6 7. f4 Be7 8. Qf3
Qa5 9. O-O-O Bd7 10. Nb3 Qc7 11. Bh4 Nc6 12. Bf2 O-O-O 13. Kb1 Be8 14. Bd3 Kb8
15. Rhe1 Nd7 16. Nd5 exd5 17. exd5 Nb6 18. dxc6 Bxc6 19. Qe3 Nc8 20. Be4 Bf6
21. Bd5 Bxd5 22. Rxd5 Rhe8 23. Qf3 Rxe1+ 24. Bxe1 Re8 25. Rd1 Qe7 26. g4 g6 27.
Bg3 Qe4 28. Qxe4 Rxe4 29. c3 h5 30. g5 Bg7 31. Nd2 Re2 32. Nf3 Kc7 33. Nh4 Nb6
34. Rc1 Na4 35. Rc2 Re3 36. Rg2 Nc5 37. f5 Be5 38. Bxe5 dxe5 39. fxg6 fxg6 40.
Nxg6 Nd3 41. Ne7 Nf4 42. Rg1 Nh3 43. Rf1 Re2 44. g6 Rg2 45. Rf3 Kd8 46. Nd5 Nf4
47. Nxf4 exf4 48. Rxf4 Rxg6 49. a4 Rg5 50. Rf7 Kc8 51. Rh7 Rf5 52. Ka2 Kb8 53.
Ka3 Ka7 54. b3 Kb6 55. Rh6+ Kc7 56. h4 Re5 57. b4 Rf5 58. Kb3 Kd7 59. a5 Kc7
60. Ka4 Re5 61. c4 Rf5 62. Rh7+ Kc8 63. c5 Kb8 64. Rh6 Kc7 65. Rh8 1/2-1/2

[Event "29. Abierto Ciudad de Sevilla"]
[Site "Sevilla ESP"]
[Date "2004.01.14"]
[Round "6.18"]
[White "Saldaño, Horacio"]
[Black "Ramos Suria, Felix"]
[Result "1-0"]
[WhiteElo "2424"]
[BlackElo "2110"]
[PlyCount "45"]
[EventDate "2004.01.09"]
[EventType "swiss"]
[EventRounds "9"]
[EventCountry "ESP"]
[Source "lmi"]
[SourceDate "2004.01.17"]

1. e4 e5 2. Nf3 Nc6 3. Bb5 a6 4. Ba4 Nf6 5. O-O Be7 6. Bxc6 dxc6 7. d3 Nd7 8.
Nbd2 O-O 9. Nc4 f6 10. b3 Nc5 11. Bb2 Ne6 12. Nh4 Bc5 13. Nf5 Nd4 14. Nxd4 Bxd4
15. c3 Ba7 16. Kh1 Be6 17. f4 Bxc4 18. bxc4 Qd6 19. f5 Rad8 20. Rf3 Kh8 21. Rh3
Rfe8 22. Qh5 h6 23. Qg6 1-0

[Event "29. Abierto Ciudad de Sevilla"]
[Site "Sevilla ESP"]
[Date "2004.01.14"]
[Round "6.19"]
[White "Garcia Luque, Agustin"]
[Black "Gutierrez Jimenez, Juan Manuel"]
[Result "1-0"]
[WhiteElo "2413"]
[BlackElo "1951"]
[PlyCount "41"]
[EventDate "2004.01.09"]
[EventType "swiss"]
[EventRounds "9"]
[EventCountry "ESP"]
[Source "lmi"]
[SourceDate "2004.01.17"]

1. e4 d6 2. d4 Nf6 3. Nc3 g6 4. Be3 c6 5. Qd2 b5 6. Bd3 Nbd7 7. a4 b4 8. Nd1
Qa5 9. f3 Rb8 10. Ne2 c5 11. O-O Bg7 12. Kh1 O-O 13. Bh6 Qc7 14. Bxg7 Kxg7 15.
c3 bxc3 16. bxc3 Bb7 17. Ne3 Bc6 18. Ng3 h5 19. Nef5+ gxf5 20. Nxf5+ Kg8 21.
Qh6 1-0

[Event "29. Abierto Ciudad de Sevilla"]
[Site "Sevilla ESP"]
[Date "2004.01.14"]
[Round "6.20"]
[White "Carrabeo Garcia, Manuel"]
[Black "Teran Alvarez, Ismael"]
[Result "0-1"]
[WhiteElo "2105"]
[BlackElo "2382"]
[PlyCount "80"]
[EventDate "2004.01.09"]
[EventType "swiss"]
[EventRounds "9"]
[EventCountry "ESP"]
[Source "lmi"]
[SourceDate "2004.01.17"]

1. d4 d6 2. Nf3 Nf6 3. g3 g6 4. Bg2 Bg7 5. O-O O-O 6. a4 a5 7. c3 Nbd7 8. Nbd2
e5 9. dxe5 dxe5 10. Nc4 Nh5 11. Qc2 Re8 12. b3 f5 13. Ba3 Qf6 14. Rad1 Nb6 15.
Nxb6 Qxb6 16. Ng5 e4 17. c4 h6 18. Nh3 Be6 19. e3 Rad8 20. Nf4 Nxf4 21. gxf4
Bf7 22. Rfe1 g5 23. fxg5 hxg5 24. Bb2 Bh5 25. Rd5 Qb4 26. Rc1 Rf8 27. Bxg7 Kxg7
28. Qb2+ Kg6 29. Qe5 Rxd5 30. Qe6+ Kg7 31. cxd5 Qd6 32. Bf1 Qxe6 33. dxe6 c6
34. Bc4 Kf6 35. Rb1 Rd8 36. b4 axb4 37. f4 gxf4 38. Rxb4 Rd1+ 39. Kf2 Rd2+ 40.
Ke1 fxe3 0-1